[Event "9. Forchheimer Sparkassen Open 2010"]
[Site "Forchheim"]
[Date "2010.10.03"]
[Round "5.27"]
[White "Nigmatulin, Anatoly"]
[Black "Jacobi, Robin"]
[Result "1/2-1/2"]
[WhiteElo "1981"]
[BlackElo "2066"]
[PlyCount "51"]
[EventDate "2010.??.??"]
[WhiteTeam "SC 1868 Bamberg"]
[BlackTeam "SV Empor Erfurt"]

1. e4 c5 2. Nf3 Nc6 3. Bb5 e6 4. Bxc6 bxc6 5. b3 d6 6. e5 dxe5 7. Nxe5 Qd4 8.
Nc4 Qxa1 9. Nc3 Nf6 10. O-O Be7 11. Qf3 Nd5 12. Bb2 Qxf1+ 13. Kxf1 O-O 14. Ne4
f6 15. Ba3 Rd8 16. Nxc5 a5 17. d3 e5 18. Na4 Bxa3 19. Nxa3 Nb4 20. Nb6 Ra6 21.
Nxc8 Rxc8 22. Qf5 Raa8 23. Qe6+ Kh8 24. Nc4 Re8 25. Qf7 Red8 26. Qe7 1/2-1/2

[Event "9. Forchheimer Sparkassen Open 2010"]
[Site "Forchheim"]
[Date "2010.10.03"]
[Round "5.28"]
[White "Andraschko, Felix"]
[Black "Werner, Thomas"]
[Result "1/2-1/2"]
[WhiteElo "2068"]
[BlackElo "2004"]
[PlyCount "82"]
[EventDate "2010.??.??"]
[WhiteTeam "SC Leinfelden"]
[BlackTeam "SW Nürnberg Süd e.V."]

1. d4 d5 2. c4 c6 3. Nf3 Nf6 4. e3 e6 5. Nbd2 Nbd7 6. Bd3 Be7 7. O-O O-O 8. e4
dxe4 9. Nxe4 c5 10. Nxc5 Nxc5 11. dxc5 Bxc5 12. Bg5 b6 13. Qc2 Be7 14. Bxf6
Bxf6 15. Bxh7+ Kh8 16. Be4 Rb8 17. Rad1 Qc7 18. Nd4 Bd7 19. Rd3 g6 20. Rfd1
Rfd8 21. Qe2 Kg7 22. b3 e5 23. Nc2 Be6 24. Nb4 Rxd3 25. Rxd3 Rd8 26. Rxd8 Qxd8
27. Qd3 Qxd3 28. Nxd3 Kf8 29. f4 exf4 30. Nxf4 Ke7 31. Kf2 Bd4+ 32. Kf3 g5 33.
Nd5+ Bxd5 34. Bxd5 Kf6 35. Kg4 Ke5 36. Bf3 Be3 37. g3 f5+ 38. Kh5 g4 39. Bg2
Bg1 40. h3 gxh3 41. Bxh3 Bf2 1/2-1/2

[Event "9. Forchheimer Sparkassen Open 2010"]
[Site "Forchheim"]
[Date "2010.10.03"]
[Round "5.29"]
[White "Auburger, Philipp"]
[Black "Barthelmann, Benno"]
[Result "0-1"]
[WhiteElo "1936"]
[BlackElo "2101"]
[PlyCount "50"]
[EventDate "2010.??.??"]
[WhiteTeam "SC Forchheim e.V."]
[BlackTeam "SF Ravensburg"]

1. e4 e6 2. d4 d5 3. exd5 exd5 4. c4 Nf6 5. Nc3 Bb4 6. Bd3 O-O 7. Nf3 Re8+ 8.
Ne5 c5 9. O-O cxd4 10. Nxd5 Nxd5 11. Qh5 g6 12. Nxg6 fxg6 13. Bxg6 Nf6 14. Qg5
Rf8 15. Bf4 Qe7 16. Bc2+ Qg7 17. Qb5 Nc6 18. Rfd1 a6 19. Qb6 Nh5 20. Bc1 Bg4
21. a3 Ba5 22. Qc5 Bxd1 23. Bxd1 Nf4 24. Bf3 Nh3+ 25. Kf1 Rxf3 0-1

[Event "9. Forchheimer Sparkassen Open 2010"]
[Site "Forchheim"]
[Date "2010.10.03"]
[Round "5.30"]
[White "Duzy, Stefan"]
[Black "Miller, Eduard"]
[Result "0-1"]
[WhiteElo "1949"]
[BlackElo "2110"]
[PlyCount "52"]
[EventDate "2010.??.??"]
[WhiteTeam "Erfurter Schachklub"]
[BlackTeam "SC Forchheim e.V."]

1. Nf3 c5 2. e4 Nc6 3. d4 cxd4 4. Nxd4 g6 5. Be2 Bg7 6. Nb3 d6 7. Nc3 Bxc3+ 8.
bxc3 Nf6 9. Bf3 O-O 10. g4 Ne5 11. g5 Nxf3+ 12. Qxf3 Nh5 13. Nd4 e5 14. Ne2 f5
15. Ng3 fxe4 16. Qxe4 Nxg3 17. Qd5+ Kg7 18. hxg3 Qc7 19. Bb2 Bg4 20. f4 Qb6 21.
Bc1 Rae8 22. Kf1 Be6 23. Qd2 Bc4+ 24. Kg2 exf4 25. Qd4+ Qxd4 26. cxd4 Bd5+ 0-1

[Event "9. Forchheimer Sparkassen Open 2010"]
[Site "Forchheim"]
[Date "2010.10.03"]
[Round "5.31"]
[White "Bader, Dominic"]
[Black "Ott, Florian"]
[Result "1-0"]
[WhiteElo "2127"]
[BlackElo "1849"]
[PlyCount "71"]
[EventDate "2010.??.??"]
[WhiteTeam "SC 1947 Beilngries"]
[BlackTeam "SG Siemens Amberg"]

1. e4 g6 2. Nc3 Bg7 3. Nf3 d6 4. d4 a6 5. Be3 Nf6 6. h3 b5 7. a3 Nbd7 8. e5 Ng8
9. Ng5 Nb6 10. Qf3 Nh6 11. O-O-O O-O 12. g4 d5 13. Qg3 Bd7 14. f4 c6 15. Bd3 a5
16. f5 b4 17. Nb1 Nc4 18. fxg6 hxg6 19. e6 Bxe6 20. Nxe6 fxe6 21. Bxh6 Bxh6+
22. g5 Qd6 23. Qh4 bxa3 24. Nxa3 Bg7 25. Rhf1 Rxf1 26. Rxf1 Rf8 27. Rxf8+ Kxf8
28. Bxg6 Qh2 29. Nxc4 dxc4 30. Qg4 Qf2 31. c3 Qe3+ 32. Kb1 a4 33. Qg2 Qe1+ 34.
Ka2 Qd1 35. Qf2+ Bf6 36. Bc2 1-0

[Event "9. Forchheimer Sparkassen Open 2010"]
[Site "Forchheim"]
[Date "2010.10.03"]
[Round "5.32"]
[White "Weigert, Wilhelm"]
[Black "Kuhmann, Peter"]
[Result "1/2-1/2"]
[WhiteElo "2024"]
[BlackElo "1934"]
[PlyCount "82"]
[EventDate "2010.??.??"]
[WhiteTeam "SK Kelheim 1920"]
[BlackTeam "TSV Kirchehrenbach"]

1. c4 Nf6 2. Nc3 d5 3. cxd5 Nxd5 4. g3 g6 5. Bg2 Nxc3 6. bxc3 Bg7 7. Rb1 Nd7 8.
Nf3 O-O 9. O-O e5 10. d3 c6 11. c4 Qc7 12. Bd2 Re8 13. Qc2 Nc5 14. Bb4 Ne6 15.
e3 b6 16. a4 a5 17. Bc3 Ba6 18. Rfd1 Rad8 19. Bf1 Nc5 20. Nd2 f5 21. Ra1 Bc8
22. Nb3 Ne6 23. c5 Nxc5 24. Nxc5 bxc5 25. Qd2 Qa7 26. Bxa5 Rd7 27. Bc3 Ba6 28.
Qa2+ Kh8 29. Qc2 Red8 30. Rab1 Kg8 31. a5 Bb5 32. Qb2 Qc7 33. Qc2 h6 34. Ra1
Kh7 35. Bb2 e4 36. Bxg7 exd3 37. Qxc5 Rd5 38. Qb4 Qxg7 39. Bg2 R5d7 40. Ra2 Qf7
41. Rad2 Qe7 1/2-1/2

[Event "9. Forchheimer Sparkassen Open 2010"]
[Site "Forchheim"]
[Date "2010.10.03"]
[Round "5.33"]
[White "Egert, Stefan"]
[Black "Xiong, Ferdinand"]
[Result "1-0"]
[WhiteElo "2018"]
[BlackElo "1912"]
[PlyCount "67"]
[EventDate "2010.??.??"]
[WhiteTeam "TSV Dietfurt/Altm. e.V."]
[BlackTeam "Schach-Club Vaterstetten"]

1. e4 c5 2. Nc3 g6 3. g3 Bg7 4. Bg2 Nc6 5. d3 e6 6. f4 Nge7 7. Nf3 O-O 8. O-O
d6 9. Be3 b6 10. Nh4 f5 11. Nf3 Ba6 12. Ng5 Qd7 13. exf5 Nxf5 14. Bf2 Rae8 15.
Re1 Nfd4 16. a3 Bc8 17. Rb1 a5 18. Ne2 Nxe2+ 19. Rxe2 Nd4 20. Re1 a4 21. c3 Nb3
22. Re2 d5 23. Bh3 Qd6 24. Qe1 Rf6 25. Nf3 h6 26. Ne5 g5 27. Be3 Ref8 28. d4
Ba6 29. Rf2 cxd4 30. cxd4 gxf4 31. gxf4 Kh7 32. Bf1 Bxf1 33. Qxf1 Rg8 34. Qd3+
1-0

[Event "9. Forchheimer Sparkassen Open 2010"]
[Site "Forchheim"]
[Date "2010.10.03"]
[Round "5.34"]
[White "Straschewski, Jörg"]
[Black "Becker, Tobias"]
[Result "1-0"]
[WhiteElo "2041"]
[BlackElo "1859"]
[PlyCount "35"]
[EventDate "2010.??.??"]
[WhiteTeam "TSV Cadolzburg e.V."]
[BlackTeam "Kronacher SK 1882 e.V."]

1. d4 {[%emt 0:00:00]} Nf6 {[%emt 0:00:01]} 2. c4 {[%emt 0:00:20]} g6 {
[%emt 0:00:02]} 3. Nc3 {[%emt 0:00:02]} Bg7 {[%emt 0:00:01]} 4. e4 {
[%emt 0:00:02]} O-O {[%emt 0:00:02]} 5. f3 {[%emt 0:00:01]} d6 {[%emt 0:00:01]}
6. Be3 {[%emt 0:00:02]} Nc6 {[%emt 0:00:02]} 7. Qd2 {[%emt 0:00:00]} a6 {
[%emt 0:00:02]} 8. Nge2 {[%emt 0:00:02]} Rb8 {[%emt 0:00:02]} 9. h4 {
[%emt 0:00:02]} h5 {[%emt 0:00:02]} 10. O-O-O {[%emt 0:00:02]} b5 {
[%emt 0:00:02]} 11. Bh6 {[%emt 0:00:02]} bxc4 {[%emt 0:00:12]} 12. g4 {
[%emt 0:00:02]} hxg4 {[%emt 0:00:02]} 13. h5 {[%emt 0:00:02]} Nb4 {
[%emt 0:00:07]} 14. Ng3 {[%emt 0:00:03]} c5 {[%emt 0:00:03]} 15. hxg6 {
[%emt 0:00:03]} fxg6 {[%emt 0:00:01]} 16. Bxc4+ {[%emt 0:00:07]} e6 {
[%emt 0:00:02]} 17. dxc5 {[%emt 0:00:02]} Qa5 {[%emt 0:00:02]} 18. Qxd6 {
[%emt 0:00:02]} 1-0